[Event "Rated Blitz game"]
[Site "?"]
[Date "2021.01.13"]
[Round "?"]
[White "Kirill_Maximov"]
[Black "Tayota"]
[Result "0-1"]
[WhiteElo "2408"]
[BlackElo "2393"]
[PlyCount "50"]
[EventDate "2021.??.??"]
[EventType "blitz"]

1. e4 e5 2. Nf3 d5 3. exd5 e4 4. Nd4 c5 5. Bb5+ Nd7 6. Nf5 Qf6 7. Ng3 Qg6 8.
Qh5 Ngf6 9. Qxg6 hxg6 10. c4 a6 11. Bxd7+ Bxd7 12. Nc3 b5 13. Ngxe4 Nxe4 14.
Nxe4 bxc4 15. b3 f5 16. Ng5 Bd6 17. bxc4 Rb8 18. h3 Be5 19. Bb2 Rxb2 20. O-O
Bf6 21. Rfe1+ Kf8 22. f4 Rb4 23. Ne6+ Bxe6 24. dxe6 Bxa1 25. Rxa1 Ke7 {Normal}
0-1

[Event "Rated Blitz game"]
[Site "?"]
[Date "2021.01.13"]
[Round "?"]
[White "AndreiSav"]
[Black "Tayota"]
[Result "1-0"]
[WhiteElo "2449"]
[BlackElo "2410"]
[PlyCount "61"]
[EventDate "2021.??.??"]
[EventType "blitz"]

1. e4 e5 2. Nf3 d5 3. exd5 e4 4. Nd4 c5 5. Ne2 f5 6. Nbc3 Nf6 7. d3 Bd6 8. Bg5
exd3 9. Qxd3 O-O 10. O-O-O a6 11. Nf4 h6 12. Ne6 Bxe6 13. dxe6 hxg5 14. Qxd6
Qxd6 15. Rxd6 Nc6 16. Bc4 Ne7 17. a4 b5 18. Ba2 b4 19. Nd5 Nfxd5 20. Bxd5 Rad8
21. Rxd8 Rxd8 22. Bc4 a5 23. Re1 Rd4 24. b3 Re4 25. Rd1 Rd4 26. Rxd4 cxd4 27.
Kd2 g6 28. Kd3 Kg7 29. Kxd4 Kf6 30. Kc5 Ke5 31. Kb5 {Normal} 1-0

[Event "Rated Blitz tournament GVK9Op5D"]
[Site "?"]
[Date "2021.01.13"]
[Round "?"]
[White "Limmatplatz"]
[Black "Grimlock_Glasgow"]
[Result "0-1"]
[WhiteElo "2241"]
[BlackElo "2568"]
[PlyCount "62"]
[EventDate "2021.??.??"]
[EventType "blitz"]

1. e4 e5 2. Nf3 d5 3. exd5 Bd6 4. d3 h6 5. Be2 f5 6. O-O Nf6 7. c4 O-O 8. Nc3
c6 9. c5 Bxc5 10. Nxe5 Nxd5 11. d4 Bd6 12. Nxd5 cxd5 13. Bf3 Bxe5 14. dxe5 Be6
15. Qb3 Qd7 16. Rd1 Rd8 17. Be3 Nc6 18. Bd4 Rac8 19. Qe3 Qf7 20. h4 f4 21. Qd2
g5 22. hxg5 hxg5 23. Rac1 g4 24. Be2 f3 25. Qg5+ Qg7 26. Qxg7+ Kxg7 27. gxf3
gxf3 28. Bxf3 Nxd4 29. Rxc8 Nxf3+ 30. Kg2 Nh4+ 31. Kg3 Nf5+ {Normal} 0-1

[Event "Rated Blitz game"]
[Site "?"]
[Date "2021.01.13"]
[Round "?"]
[White "TacticalMaster"]
[Black "xzZJonZzx"]
[Result "1-0"]
[WhiteElo "2497"]
[BlackElo "2386"]
[PlyCount "95"]
[EventDate "2021.??.??"]
[EventType "blitz"]

1. e4 e5 2. Nf3 d5 3. Nc3 dxe4 4. Nxe4 f5 5. Ng3 e4 6. Ne5 Qd4 7. Qh5+ g6 8.
Nxg6 hxg6 9. Qxg6+ Ke7 10. Nxf5+ Bxf5 11. Qxf5 Nf6 12. d3 exd3 13. Bxd3 Qd5 14.
Qxd5 Nxd5 15. O-O Nc6 16. Bg5+ Kf7 17. Bc4 Kg6 18. h4 Nb6 19. Bd3+ Kf7 20. f4
Bc5+ 21. Kh2 Rae8 22. Rae1 Bd4 23. c3 Bf6 24. Kg3 Ne7 25. Kg4 Ned5 26. Be4 c6
27. h5 Kg7 28. h6+ Kf7 29. Kh5 Reg8 30. g4 Nc8 31. Bf5 Nce7 32. Be6+ Kf8 33.
Bxg8 Nxg8 34. Re6 Kf7 35. Rfe1 Bxg5 36. Kxg5 b5 37. Rg6 Nge7 38. Rg7+ Kf8 39.
f5 Rg8 40. f6 Nc8 41. Re8+ Kxe8 42. Rxg8+ Kf7 43. Rxc8 Nxf6 44. Rf8+ Kxf8 45.
Kxf6 Kg8 46. g5 Kh7 47. b4 a6 48. a3 {Normal} 1-0

[Event "Titled Tuesday 12th Jan"]
[Site "chess.com INT"]
[Date "2021.01.12"]
[Round "6"]
[White "Vasquez Schroeder, R."]
[Black "Hansen, SuB"]
[Result "1/2-1/2"]
[WhiteElo "2443"]
[BlackElo "2533"]
[PlyCount "140"]
[EventDate "2021.01.12"]
[SourceTitle "The Week in Chess 1367"]
[Source "Mark Crowther"]
[SourceDate "2021.01.18"]
[SourceVersion "1"]
[SourceVersionDate "2021.01.18"]
[SourceQuality "2"]

1. e4 e5 2. Nf3 d5 3. exd5 Bd6 4. d4 e4 5. Ne5 Nf6 6. c4 c5 7. dxc6 Nxc6 8.
Nxc6 bxc6 9. Nc3 Rb8 10. h3 O-O 11. Rb1 Bf5 12. Be3 Re8 13. Be2 h6 14. a3 Bc7
15. Qd2 Qd7 16. g4 Bg6 17. b4 a6 18. Na4 Ra8 19. Nc5 Qd6 20. h4 h5 21. g5 Ng4
22. Bxg4 hxg4 23. h5 Bf5 24. h6 g3 25. fxg3 Qxg3+ 26. Qf2 gxh6 27. gxh6 Kh7 28.
Qxg3 Bxg3+ 29. Kd2 Rg8 30. Rbf1 Bg6 31. a4 Bd6 32. Kc3 Bxc5 33. dxc5 Rgd8 34.
Bd4 Ra7 35. b5 axb5 36. axb5 Ra3+ 37. Kb4 Rda8 38. bxc6 R8a4+ 39. Kb5 Ra5+ 40.
Kb6 Ra6+ 41. Kc7 e3 42. Kd6 e2 43. Rf2 Rd3 44. Kd5 Rd1 45. Rxe2 Rxh1 46. Rf2
Rh5+ 47. Be5 Rxe5+ 48. Kxe5 Rxc6 49. Kd5 Rc8 50. c6 Kxh6 51. Kd6 Kg5 52. c7 Ra8
53. Rb2 Bf5 54. Rb8 Ra6+ 55. Kd5 Ra7 56. c8=Q Bxc8 57. Rxc8 f5 58. c5 f4 59.
Rf8 Kg4 60. c6 f3 61. Ke4 Ra4+ 62. Kd3 Ra3+ 63. Kd4 Ra7 64. Ke3 Ra3+ 65. Ke4
Ra4+ 66. Kd5 Ra7 67. Kd6 Kg3 68. c7 Rxc7 69. Kxc7 f2 70. Rxf2 Kxf2 1/2-1/2

[Event "Titled Tuesday 12th Jan"]
[Site "chess.com INT"]
[Date "2021.01.12"]
[Round "5"]
[White "Titus, Andrew"]
[Black "Mikhailovsky, Vladimir"]
[Result "0-1"]
[WhiteElo "2158"]
[BlackElo "2228"]
[PlyCount "66"]
[EventDate "2021.01.12"]
[SourceTitle "The Week in Chess 1367"]
[Source "Mark Crowther"]
[SourceDate "2021.01.18"]
[SourceVersion "1"]
[SourceVersionDate "2021.01.18"]
[SourceQuality "2"]

1. e4 e5 2. Nf3 d5 3. exd5 e4 4. Qe2 Nf6 5. Nc3 Be7 6. Nxe4 O-O 7. d3 Qxd5 8.
Nc3 Bb4 9. Be3 Nc6 10. Qd2 Qa5 11. Qc1 Nd5 12. Bd2 Nxc3 13. bxc3 Bxc3 14. Be2
Re8 15. Kf1 Bg4 16. Bxc3 Qxc3 17. h3 Bh5 18. g4 Bg6 19. Nh4 Nd4 20. Bf3 Nxc2
21. Kg2 Bxd3 22. Rb1 Rad8 23. Rxb7 Qf6 24. Nf5 Bxf5 25. gxf5 Qxf5 26. Rxc7 Nd4
27. Rc3 Re6 28. Bg4 Rg6 29. Kf1 Qb5+ 30. Kg2 h5 31. Rc8 Qd5+ 32. Kh2 Nf3+ 33.
Bxf3 Qd6+ 0-1

[Event "Titled Tuesday 12th Jan"]
[Site "chess.com INT"]
[Date "2021.01.12"]
[Round "4"]
[White "Mikhailovsky, Vladimir"]
[Black "Gunnarsson, Arn"]
[Result "1-0"]
[WhiteElo "2228"]
[BlackElo "2420"]
[PlyCount "81"]
[EventDate "2021.01.12"]
[SourceTitle "The Week in Chess 1367"]
[Source "Mark Crowther"]
[SourceDate "2021.01.18"]
[SourceVersion "1"]
[SourceVersionDate "2021.01.18"]
[SourceQuality "2"]

1. e4 e5 2. Nf3 d5 3. exd5 Bd6 4. Nc3 f5 5. d4 e4 6. Ne5 Nf6 7. Bf4 O-O 8. Bc4
a6 9. a4 Nbd7 10. O-O Qe8 11. h3 Nxe5 12. dxe5 Bxe5 13. Ne2 Kh8 14. c3 Bd7 15.
Bb3 Nh5 16. Qd2 Rd8 17. Bxe5 Qxe5 18. f4 exf3 19. Rxf3 Nf6 20. Raf1 Ne4 21. Qe3
Rde8 22. Nd4 g6 23. Ne6 Bxe6 24. dxe6 Kg7 25. Rd1 Re7 26. Re1 Qc5 27. Kh2 Qxe3
28. Rexe3 Nc5 29. Ba2 Nxa4 30. b4 Nb6 31. Rd3 Nc8 32. c4 Nd6 33. c5 Nb5 34.
Rfe3 Kf6 35. Re2 Rfe8 36. Red2 c6 37. g4 f4 38. h4 h6 39. Kg2 g5 40. Kf3 Nc7
41. hxg5+ 1-0

[Event "Titled Tuesday 12th Jan"]
[Site "chess.com INT"]
[Date "2021.01.12"]
[Round "2"]
[White "Cornette, M.."]
[Black "Greet, A.."]
[Result "1-0"]
[WhiteElo "2558"]
[BlackElo "2417"]
[PlyCount "63"]
[EventDate "2021.01.12"]

1. e4 e5 2. Nf3 d5 3. Nxe5 Bd6 4. d4 dxe4 5. Nc4 Nf6 6. Nxd6+ Qxd6 7. Nc3 O-O
8. Bg5 Bf5 9. Be2 Nc6 10. d5 Ne7 11. Bc4 h6 12. Bh4 Rad8 13. Qe2 Ng6 14. Bg3
Nf4 15. Bxf4 Qxf4 16. h3 a6 17. a4 Rfe8 18. O-O Re5 19. Qe3 Qxe3 20. fxe3 Ne8
21. a5 Nd6 22. Bb3 h5 23. Ne2 Bd7 24. Nd4 Bb5 25. Nxb5 axb5 26. a6 bxa6 27.
Rxa6 f5 28. Rc6 Rd7 29. Ra1 g5 30. Ra7 Ree7 31. Ra8+ Kg7 32. Rca6 1-0

[Event "Titled Tuesday 12th Jan"]
[Site "chess.com INT"]
[Date "2021.01.12"]
[Round "2"]
[White "Perrine, Dalton"]
[Black "Christensen, Thom2"]
[Result "1-0"]
[WhiteElo "2247"]
[BlackElo "2154"]
[PlyCount "79"]
[EventDate "2021.01.12"]
[SourceTitle "The Week in Chess 1367"]
[Source "Mark Crowther"]
[SourceDate "2021.01.18"]
[SourceVersion "1"]
[SourceVersionDate "2021.01.18"]
[SourceQuality "2"]

1. e4 e5 2. Nf3 d5 3. exd5 e4 4. Qe2 Nf6 5. d3 Qxd5 6. Nfd2 Be7 7. dxe4 Qa5 8.
Qb5+ Qxb5 9. Bxb5+ c6 10. Bd3 Nbd7 11. Nb3 Ne5 12. Nc3 Be6 13. Nd4 Nxd3+ 14.
cxd3 O-O-O 15. Nxe6 fxe6 16. Ke2 e5 17. Be3 Ng4 18. Bxa7 c5 19. Nd5 Bd6 20.
Rac1 Kd7 21. Bxc5 Rhf8 22. f3 Nf6 23. Bxd6 Nxd5 24. Bxf8 Nf4+ 25. Kd2 Rxf8 26.
g3 Ne6 27. Ke3 g5 28. h4 g4 29. fxg4 Nd4 30. Rhf1 Rg8 31. g5 h6 32. Rf7+ Ke6
33. Rf6+ Kd7 34. Rxh6 Rf8 35. Rf6 Ra8 36. Rc5 Rxa2 37. Rxe5 Nc6 38. Rb5 Nd8 39.
g6 Ke7 40. g7 1-0

[Event "Titled Tuesday 12th Jan"]
[Site "chess.com INT"]
[Date "2021.01.12"]
[Round "1"]
[White "Mikhailovsky, Vladimir"]
[Black "Greet, A."]
[Result "0-1"]
[WhiteElo "2228"]
[BlackElo "2417"]
[PlyCount "64"]
[EventDate "2021.01.12"]
[SourceTitle "The Week in Chess 1367"]
[Source "Mark Crowther"]
[SourceDate "2021.01.18"]
[SourceVersion "1"]
[SourceVersionDate "2021.01.18"]
[SourceQuality "2"]

1. e4 e5 2. Nf3 d5 3. exd5 Bd6 4. Nc3 Nf6 5. Bb5+ c6 6. dxc6 Nxc6 7. d3 O-O 8.
h3 Nd4 9. Bc4 b5 10. Bxb5 Bb7 11. Bc4 Nxf3+ 12. gxf3 Nh5 13. Ne4 Be7 14. Be3
Kh8 15. Qd2 f5 16. Ng5 f4 17. Ne6 fxe3 18. Qxe3 Qa5+ 19. c3 Rxf3 20. Qe2 Nf4
21. Nxf4 Rxf4 22. Rg1 Bf3 23. Qd2 Bh4 24. Qe3 Raf8 25. Kd2 Bh5 26. Raf1 Bxf2
27. Rxf2 Rxf2+ 28. Kc1 Rf1+ 29. Rxf1 Rxf1+ 30. Kc2 Qa4+ 31. Bb3 Qf4 32. Qxa7
Qc1# 0-1

[Event "Titled Tuesday 12th Jan"]
[Site "chess.com INT"]
[Date "2021.01.12"]
[Round "1"]
[White "Bulmaga, I."]
[Black "Christensen, Thom2"]
[Result "1-0"]
[WhiteElo "2443"]
[BlackElo "2154"]
[PlyCount "63"]
[EventDate "2021.01.12"]
[SourceTitle "The Week in Chess 1367"]
[Source "Mark Crowther"]
[SourceDate "2021.01.18"]
[SourceVersion "1"]
[SourceVersionDate "2021.01.18"]
[SourceQuality "2"]

1. e4 e5 2. Nf3 d5 3. d3 dxe4 4. dxe4 Qxd1+ 5. Kxd1 Bg4 6. Nbd2 Nc6 7. c3 O-O-O
8. Kc2 Bc5 9. Bc4 f6 10. Rf1 Nge7 11. h3 Bh5 12. b4 Bb6 13. a4 a5 14. b5 Nb8
15. Ba3 Rhe8 16. Be6+ Nd7 17. c4 Ng6 18. Bxd7+ Rxd7 19. g4 Nf4 20. gxh5 Bd4 21.
Rad1 Red8 22. Nb3 Nxh5 23. Nfxd4 exd4 24. Nc5 Rf7 25. Nd3 Re8 26. f3 f5 27. e5
f4 28. Rde1 Ng3 29. Rg1 Nf5 30. Re4 Ne3+ 31. Kb3 Rd8 32. e6 1-0

[Event "Rated Blitz game"]
[Site "?"]
[Date "2021.01.12"]
[Round "?"]
[White "musashino"]
[Black "Tayota"]
[Result "1/2-1/2"]
[WhiteElo "2382"]
[BlackElo "2406"]
[PlyCount "103"]
[EventDate "2021.??.??"]
[EventType "blitz"]

1. e4 e5 2. Nf3 d5 3. exd5 e4 4. Qe2 f5 5. Nc3 Nf6 6. Nd4 a6 7. d3 Bb4 8. dxe4
Bxc3+ 9. bxc3 fxe4 10. c4 O-O 11. Bg5 c5 12. Nb3 Bf5 13. Qe3 Nbd7 14. Be2 Qe8
15. O-O Qg6 16. Bh4 b6 17. Bg3 Rae8 18. a4 a5 19. Rab1 Ng4 20. Bxg4 Bxg4 21.
Nd2 Nf6 22. Rxb6 Bd7 23. Qxc5 Bxa4 24. Qxa5 Bxc2 25. Re1 e3 26. Rxe3 Rxe3 27.
fxe3 Qd3 28. h3 Qxe3+ 29. Bf2 Qe2 30. Re6 Ne4 31. Nxe4 Bxe4 32. Qe1 Qxe1+ 33.
Bxe1 Bd3 34. Bb4 Rf1+ 35. Kh2 Bxc4 36. Re8+ Kf7 37. Rf8+ Kg6 38. Rxf1 Bxf1 39.
d6 Bb5 40. Kg3 Kf5 41. Kf2 g5 42. Bc3 g4 43. Bd2 gxh3 44. gxh3 h5 45. Kg3 Bd7
46. Kh4 Be8 47. Bg5 Ke6 48. Be7 Kf5 49. Bf8 Kf4 50. Be7 Kf5 51. Bf8 Kf4 52. Be7
{Normal} 1/2-1/2

[Event "Rated Blitz game"]
[Site "?"]
[Date "2021.01.12"]
[Round "?"]
[White "Rejans"]
[Black "Jomajo"]
[Result "0-1"]
[WhiteElo "2449"]
[BlackElo "2564"]
[PlyCount "96"]
[EventDate "2021.??.??"]
[EventType "blitz"]

1. e4 e5 2. Nf3 d5 3. Nxe5 Bd6 4. d4 dxe4 5. Nc4 Nf6 6. Bg5 Nc6 7. Nc3 Bf5 8.
Be2 h6 9. Bh4 O-O 10. d5 Ne5 11. Nxd6 Qxd6 12. Qd4 Rfe8 13. O-O-O a6 14. h3 b5
15. g4 Bg6 16. Kb1 Rad8 17. Bg3 c5 18. Qd2 Qb6 19. g5 hxg5 20. Qxg5 Nc4 21. d6
Qa5 22. Bxc4 bxc4 23. Nd5 Nxd5 24. Rxd5 c3 25. b3 Qa3 26. Qc1 Qb4 27. d7 Re7
28. Rhd1 Qb5 29. Bh4 f6 30. a4 Qb7 31. Qe3 Rexd7 32. Rxd7 Rxd7 33. Rxd7 Qxd7
34. Qxc3 Qd5 35. Bg3 Kh7 36. Kb2 Bf7 37. h4 Be6 38. Qe3 Kg6 39. Kc3 Kf7 40. Qd2
Qf5 41. Qd6 Kg6 42. Qf4 Qd5 43. Qd6 Qf5 44. Qf4 Qxf4 45. Bxf4 Kh5 46. Bg3 f5
47. Kd2 c4 48. b4 Bd7 {Time forfeit} 0-1

[Event "Rated Blitz game"]
[Site "?"]
[Date "2021.01.12"]
[Round "?"]
[White "josefghng"]
[Black "Rock_Maninoff"]
[Result "1/2-1/2"]
[WhiteElo "2454"]
[BlackElo "2300"]
[PlyCount "79"]
[EventDate "2021.??.??"]
[EventType "blitz"]

1. e4 e5 2. Nf3 d5 3. d4 dxe4 4. Nxe5 Bd6 5. Nc3 Bxe5 6. dxe5 Qxd1+ 7. Nxd1 Nc6
8. Bb5 Bd7 9. Bxc6 Bxc6 10. Bg5 h6 11. Bh4 g5 12. Bg3 Ne7 13. Ne3 O-O-O 14. h4
Ng6 15. h5 Nf4 16. Bxf4 gxf4 17. Nf5 e3 18. Ne7+ Kd7 19. Nxc6 Kxc6 20. fxe3
fxe3 21. Ke2 Rd2+ 22. Kxe3 Rxg2 23. Rhf1 Rxc2 24. Rxf7 Re8 25. Kd3 Rxb2 26.
Rc1+ Kb6 27. Rcxc7 Ka6 28. Rf6+ b6 29. e6 Rb5 30. Rxh6 Re5 31. Rhh7 R8xe6 32.
Rxa7+ Kb5 33. Rad7 Re3+ 34. Kc2 Re2+ 35. Rd2 R2e3 36. Kb2 Rh3 37. Rhd7 Rxh5 38.
R7d5+ Rxd5 39. Rxd5+ Kc4 40. Rd2 {Normal} 1/2-1/2

[Event "Rated Blitz game"]
[Site "?"]
[Date "2021.01.12"]
[Round "?"]
[White "Edsel_montoya0506"]
[Black "RonaldGanzon"]
[Result "1-0"]
[WhiteElo "2411"]
[BlackElo "2349"]
[PlyCount "131"]
[EventDate "2021.??.??"]
[EventType "blitz"]

1. e4 e5 2. Nf3 d5 3. exd5 e4 4. Qe2 Nf6 5. d3 Qxd5 6. Nc3 Bb4 7. Nd2 Qe5 8.
Ncxe4 O-O 9. c3 Be7 10. d4 Qd5 11. Qc4 Qd8 12. Nxf6+ Bxf6 13. Be2 Re8 14. O-O
b6 15. Bf3 Ba6 16. Qd5 Bxf1 17. Qxd8 Rxd8 18. Kxf1 c6 19. Ne4 Be7 20. Bf4 Nd7
21. Re1 Nf8 22. Ng3 Ne6 23. Bxc6 Rac8 24. Bb7 Rc4 25. Bc1 Rc7 26. Bf3 Kf8 27.
Nf5 Bg5 28. Ne3 Rdc8 29. Bd2 Rd8 30. g3 Nc5 31. h4 Bh6 32. Rb1 Na4 33. Ke2 b5
34. Kd3 Rcd7 35. Bc6 Re7 36. Bxb5 Nc5+ 37. Ke2 Ne4 38. Bc1 Nd6 39. Bd3 g6 40.
Kf3 Rde8 41. Nd5 Bxc1 42. Nxe7 Bd2 43. Nd5 Rb8 44. Nf6 Kg7 45. Nd5 f5 46. Ke2
Bh6 47. Kd1 Kf7 48. Kc2 Ke6 49. Nb4 a5 50. Re1+ Kd7 51. Nd5 Bf8 52. c4 a4 53.
b3 a3 54. c5 Nc8 55. b4 Na7 56. Nf6+ Kc7 57. Kc3 Nc6 58. b5 Nd8 59. b6+ Kc6 60.
Kc4 Kb7 61. Kb5 Kc8 62. d5 Nb7 63. Re8+ Nd8 64. c6 Bg7 65. Nd7 Ra8 66. b7+ {
Normal} 1-0

[Event "Rated Blitz game"]
[Site "?"]
[Date "2021.01.12"]
[Round "?"]
[White "SHEFFFF"]
[Black "sotirakis"]
[Result "1-0"]
[WhiteElo "2417"]
[BlackElo "2345"]
[PlyCount "89"]
[EventDate "2021.??.??"]
[EventType "blitz"]

1. e4 e5 2. Nf3 d5 3. exd5 Qxd5 4. Nc3 Qe6 5. Bb5+ c6 6. Ba4 h6 7. O-O Bd6 8.
d4 Nd7 9. Re1 Ne7 10. Bb3 Qg6 11. dxe5 Bc5 12. e6 fxe6 13. Bxe6 Nf6 14. Ne5 Qh7
15. Bf7+ Kf8 16. Bg6 Qxg6 17. Nxg6+ Nxg6 18. Be3 Bg4 19. Bxc5+ Kf7 20. f3 Rad8
21. Qe2 Bf5 22. Qc4+ Nd5 23. Bxa7 Rd7 24. Bf2 Rhd8 25. Nxd5 cxd5 26. Qb3 Kg8
27. Rad1 Kh7 28. Bd4 Rc8 29. Rd2 Nf4 30. c3 Bd3 31. Qd1 Bc4 32. b3 Ba6 33. Be3
Ng6 34. Rxd5 Re7 35. c4 Rce8 36. Bf2 Kg8 37. Rxe7 Rxe7 38. Rd8+ Kh7 39. Rd7 Re6
40. Bd4 Ne7 41. Qd3+ Kg8 42. Bc5 Nc6 43. Qd5 Bxc4 44. bxc4 Nd8 45. Rxd8+ {
Normal} 1-0

[Event "Rated Rapid game"]
[Site "?"]
[Date "2021.01.12"]
[Round "?"]
[White "piontomasz"]
[Black "ahmedibrahim1995"]
[Result "1-0"]
[WhiteElo "2435"]
[BlackElo "2295"]
[PlyCount "71"]
[EventDate "2021.??.??"]
[EventType "rapid"]

1. e4 e5 2. Nf3 d5 3. Nxe5 dxe4 4. Bc4 Nh6 5. d4 Nd7 6. Nxd7 Bxd7 7. Bxh6 gxh6
8. Nd2 Qe7 9. O-O O-O-O 10. c3 Rg8 11. Re1 Bh3 12. g3 Bf5 13. Bd3 Qd7 14. Nxe4
Be7 15. Qf3 Bg6 16. a4 Qd5 17. a5 Rge8 18. a6 b5 19. h4 h5 20. Re3 f5 21. Nd2
Qxf3 22. Rxf3 Rd5 23. Re1 Kd8 24. Nb3 f4 25. Bxg6 hxg6 26. Rxf4 Bf8 27. Rxe8+
Kxe8 28. Rf6 g5 29. Na5 gxh4 30. Nc6 Be7 31. Rh6 b4 32. cxb4 hxg3 33. Nxa7 Rxd4
34. Nb5 gxf2+ 35. Kf1 Bh4 36. Nxd4 {Normal} 1-0

[Event "Rated Blitz game"]
[Site "?"]
[Date "2021.01.12"]
[Round "?"]
[White "Rejans"]
[Black "Jomajo"]
[Result "1/2-1/2"]
[WhiteElo "2451"]
[BlackElo "2562"]
[PlyCount "126"]
[EventDate "2021.??.??"]
[EventType "blitz"]

1. e4 e5 2. Nf3 d5 3. d4 dxe4 4. Nxe5 Bd6 5. Nc4 Nf6 6. Bg5 h6 7. Bh4 g5 8. Bg3
Bxg3 9. hxg3 Nc6 10. c3 Bf5 11. Be2 Nd5 12. Nbd2 Qe7 13. Nf1 O-O-O 14. Nfe3 Be6
15. Nxd5 Bxd5 16. Ne3 Be6 17. g4 Qf6 18. Qa4 Kb8 19. g3 Ne7 20. Rh2 c5 21.
O-O-O cxd4 22. Rxd4 Rxd4 23. Qxd4 Qxd4 24. cxd4 Bxa2 25. Kd2 Be6 26. Rh1 a6 27.
f3 exf3 28. Bxf3 b5 29. Kd3 Kc7 30. d5 Bd7 31. Kd4 Kd6 32. Ra1 Bc8 33. b4 Re8
34. Rh1 Ng8 35. Be4 Bd7 36. Bh7 Rxe3 37. Kxe3 Nf6 38. Rxh6 Ke5 39. Rxf6 Kxf6
40. Kd4 Bxg4 41. Kc5 Ke7 42. d6+ Kd7 43. Be4 Be6 44. Bb7 f5 45. Bxa6 Bc4 46.
Bb7 f4 47. gxf4 gxf4 48. Bc6+ Ke6 49. d7 Ke7 50. Kd4 Be2 51. Ke4 f3 52. Ke3 Kd8
53. Bxf3 Bxf3 54. Kxf3 Kc7 55. Ke4 Kxd7 56. Kd5 Kc7 57. Kc5 Kc8 58. Kb6 Kb8 59.
Kxb5 Kb7 60. Kc5 Kc7 61. Kb5 Kb7 62. Ka5 Ka7 63. Kb5 Kb7 {Normal} 1/2-1/2

[Event "Rated Blitz game"]
[Site "?"]
[Date "2021.01.12"]
[Round "?"]
[White "Biagggg"]
[Black "IGM_HOFFMANN2500"]
[Result "0-1"]
[WhiteElo "2405"]
[BlackElo "2584"]
[PlyCount "40"]
[EventDate "2021.??.??"]
[EventType "blitz"]

1. e4 e5 2. Nf3 d5 3. exd5 e4 4. Qe2 Nf6 5. Nc3 Be7 6. Nxe4 O-O 7. d3 Re8 8.
Qd1 Qxd5 9. Nxf6+ Bxf6+ 10. Be2 c5 11. O-O Nc6 12. c3 Bf5 13. Be3 Rad8 14. Qb3
Qxb3 15. axb3 b6 16. Rfd1 Re7 17. Kf1 Be6 18. Nd2 Red7 19. Ra3 Bf5 20. Ne4 Bxe4
{Normal} 0-1

[Event "Rated Blitz game"]
[Site "?"]
[Date "2021.01.12"]
[Round "?"]
[White "Koenigsindisch"]
[Black "batasjon"]
[Result "1-0"]
[WhiteElo "2462"]
[BlackElo "2343"]
[PlyCount "49"]
[EventDate "2021.??.??"]
[EventType "blitz"]

1. e4 e5 2. Nf3 d5 3. exd5 e4 4. Qe2 Nf6 5. d3 Qxd5 6. Nc3 Bb4 7. Bd2 Bxc3 8.
Bxc3 O-O 9. dxe4 Nxe4 10. Qd3 Nxc3 11. bxc3 Qa5 12. Be2 Bf5 13. Qd2 Nc6 14. O-O
Rad8 15. Bd3 Bg4 16. Qf4 Bxf3 17. Qxf3 Rd6 18. Rfe1 Rg6 19. Bxg6 hxg6 20. Re3
Qc5 21. Rae1 f6 22. Re8 Ne5 23. Rxf8+ Kxf8 24. Qe3 Qa5 25. f4 {Normal} 1-0

[Event "Rated Blitz tournament Ypc3ksFW"]
[Site "?"]
[Date "2021.01.12"]
[Round "?"]
[White "BoomerRemover2003"]
[Black "olarovfan"]
[Result "0-1"]
[WhiteElo "2310"]
[BlackElo "2461"]
[PlyCount "42"]
[EventDate "2021.??.??"]
[EventType "blitz"]

1. e4 e5 2. Nf3 d5 3. exd5 e4 4. Nd4 Qxd5 5. Nb3 Bd6 6. Nc3 Qe5 7. g3 Nf6 8.
Bg2 Bg4 9. Ne2 Nc6 10. O-O O-O-O 11. Qe1 Nb4 12. Qd1 Qh5 13. Re1 Nd3 14. cxd3
exd3 15. f3 dxe2 16. Qxe2 Rhe8 17. Qf2 Rxe1+ 18. Qxe1 Bxf3 19. d4 Re8 20. Qf2
Bxg2 21. Kxg2 Re2 {Normal} 0-1

[Event "Rated Blitz game"]
[Site "?"]
[Date "2021.01.12"]
[Round "?"]
[White "UnholyCrusade"]
[Black "batasjon"]
[Result "1-0"]
[WhiteElo "2443"]
[BlackElo "2347"]
[PlyCount "83"]
[EventDate "2021.??.??"]
[EventType "blitz"]

1. e4 e5 2. Nf3 d5 3. exd5 e4 4. Qe2 Nf6 5. d3 Qxd5 6. Nc3 Bb4 7. Nd2 Bxc3 8.
bxc3 O-O 9. dxe4 Qc5 10. Qc4 Qe7 11. Bd3 Nc6 12. O-O Rd8 13. f4 Ng4 14. Nf3 Be6
15. Qb5 Rab8 16. a4 a6 17. Qh5 Nf6 18. Qh4 Qc5+ 19. Kh1 Qxc3 20. Rb1 Ba2 21.
Bb2 Qc5 22. e5 Rxd3 23. cxd3 Bxb1 24. exf6 Bxd3 25. Re1 Qb4 26. Ba1 Be4 27. Qg5
g6 28. Qh6 Qf8 29. Qxf8+ Rxf8 30. Rxe4 h6 31. h4 Rd8 32. Be5 Rd1+ 33. Kh2 Rd3
34. Bxc7 Rd7 35. Re8+ Kh7 36. Be5 g5 37. hxg5 hxg5 38. f5 g4 39. Ng5+ Kh6 40.
Bf4 g3+ 41. Kh3 Rd3 42. Rh8# {Normal} 1-0

[Event "Rated Blitz game"]
[Site "?"]
[Date "2021.01.12"]
[Round "?"]
[White "Sarmadoli"]
[Black "BarashevNikita"]
[Result "0-1"]
[WhiteElo "2281"]
[BlackElo "2432"]
[PlyCount "74"]
[EventDate "2021.??.??"]
[EventType "blitz"]

1. e4 e5 2. Nf3 d5 3. exd5 e4 4. Ne5 Qxd5 5. d4 exd3 6. Nxd3 Nf6 7. Nc3 Qa5 8.
Bd2 Nc6 9. Ne4 Qf5 10. Nxf6+ gxf6 11. Bc3 Be6 12. Qe2 O-O-O 13. O-O-O Bh6+ 14.
Kb1 Rhe8 15. Qf3 Qb5 16. Nf4 Qa4 17. Nxe6 Rxd1+ 18. Qxd1 fxe6 19. Bd3 Nb4 20.
Bxb4 Qxb4 21. Qh5 Qf8 22. Bxh7 Rd8 23. a3 f5 24. Re1 Qf6 25. Qg6 Qh4 26. Qxe6+
Kb8 27. g3 Qxh2 28. Bxf5 Qxf2 29. Bd3 Qxg3 30. Re4 Qg1+ 31. Ka2 Qg3 32. Qxh6 a6
33. Qe6 Qg8 34. Qxg8 Rxg8 35. Re7 Kc8 36. Bf5+ Kb8 37. Be4 Rg1 {Time forfeit}
0-1

[Event "Rated Blitz game"]
[Site "?"]
[Date "2021.01.12"]
[Round "?"]
[White "TheSchout"]
[Black "batasjon"]
[Result "1-0"]
[WhiteElo "2414"]
[BlackElo "2352"]
[PlyCount "61"]
[EventDate "2021.??.??"]
[EventType "blitz"]

1. e4 e5 2. Nf3 d5 3. Nxe5 Bd6 4. d4 dxe4 5. Nc4 Nf6 6. Nc3 O-O 7. Nxd6 Qxd6 8.
Be2 Rd8 9. Be3 Nc6 10. Nb5 Qe7 11. c4 Ne5 12. O-O Nfg4 13. Qc2 Nxe3 14. fxe3
Ng4 15. Bxg4 Bxg4 16. Rf4 f5 17. h3 c6 18. hxg4 cxb5 19. gxf5 bxc4 20. Qxc4+
Kh8 21. Qe6 Qg5 22. Qxe4 Re8 23. Qf3 Rac8 24. f6 gxf6 25. Rxf6 Rg8 26. Rf5 Qg6
27. Rf1 Rc2 28. Rf2 Rc1+ 29. Kh2 Qd6+ 30. Qf4 Qc6 31. Qe5+ {Normal} 1-0

[Event "Rated Blitz game"]
[Site "?"]
[Date "2021.01.12"]
[Round "?"]
[White "stipunski"]
[Black "KamranShirazi"]
[Result "0-1"]
[WhiteElo "2487"]
[BlackElo "2466"]
[PlyCount "38"]
[EventDate "2021.??.??"]
[EventType "blitz"]

1. e4 e5 2. Nf3 d5 3. exd5 e4 4. Qe2 f5 5. d3 Nf6 6. dxe4 fxe4 7. Ng5 Qxd5 8.
Nd2 Qxg5 9. Nxe4 Qe5 10. Nxf6+ gxf6 11. Be3 Nc6 12. O-O-O Bd7 13. f4 Qe6 14.
Qh5+ Kd8 15. Qf3 Qxa2 16. c3 Bd6 17. Bd3 Na5 18. Bb1 Nb3+ 19. Kc2 Bf5+ {Normal}
0-1

[Event "Rated Blitz game"]
[Site "?"]
[Date "2021.01.12"]
[Round "?"]
[White "lellino"]
[Black "batasjon"]
[Result "1-0"]
[WhiteElo "2412"]
[BlackElo "2352"]
[PlyCount "131"]
[EventDate "2021.??.??"]
[EventType "blitz"]

1. e4 e5 2. Nf3 d5 3. Nxe5 Bd6 4. d4 dxe4 5. Nc4 Nf6 6. Nc3 O-O 7. Bg5 Be7 8.
Qd2 Nc6 9. O-O-O Bg4 10. Be2 Bxe2 11. Nxe2 Qd5 12. b3 Rad8 13. Bxf6 Bxf6 14.
Ne3 Qg5 15. h4 Qh6 16. c3 g6 17. Kc2 Qg7 18. h5 Rfe8 19. Ng4 Be5 20. hxg6 hxg6
21. Qh6 Qxh6 22. Nxh6+ Kg7 23. dxe5 Rxd1 24. Kxd1 Rh8 25. e6 f5 26. Nf4 Rxh6
27. Rxh6 Kxh6 28. Nd5 Kg7 29. Ke2 f4 30. Nxf4 Kf6 31. Nd5+ Kxe6 32. Nxc7+ Kf5
33. Nd5 Ne5 34. Ne3+ Kf4 35. g3+ Kg5 36. Nd5 Kf5 37. Nf4 Ng4 38. Nd5 Ke5 39.
Ne3 Nf6 40. Nc4+ Kf5 41. Nd2 Nd5 42. c4 Nb4 43. Ke3 Nc2+ 44. Ke2 Nb4 45. a3 Nc2
46. a4 Nd4+ 47. Ke3 Nc2+ 48. Ke2 Nd4+ 49. Ke1 Nc2+ 50. Kf1 Ke5 51. Kg2 Kd4 52.
Nf1 Na1 53. b4 Kxc4 54. b5 Nb3 55. f3 exf3+ 56. Kxf3 Kb4 57. b6 Kxa4 58. bxa7
Nd4+ 59. Ke4 Nc6 60. a8=Q+ Kb5 61. Qxb7+ Kc5 62. Qxc6+ Kxc6 63. Kf4 Kc5 64. Kg5
Kd4 65. Kxg6 Kd3 66. g4 {Time forfeit} 1-0